Comparative education : a study of educational factors and traditions

Saved in:
Bibliographic Details
Main Author: Hans, Nicholas A. (Nicholas Adolf), 1888-1969
Format: Book
Language:English
Published: London : Routledge and Kegan Paul, 1958.
Edition:3rd ed.
Subjects:
Tags: Add Tag
No Tags, Be the first to tag this record!

MARC

LEADER 00000cam a2200000 i 4500
001 1/458
008 950703s1958 enk| ||| |||| ||eng||
020 |a 0710032668 
035 |l 10014087 
040 |a GR-MyUa  |b gre  |e AACR2 
041 0 |a eng 
082 7 |a 370.9   |2 (22) 
100 1 |a Hans, Nicholas A.   |q (Nicholas Adolf),   |d 1888-1969. 
245 1 0 |a Comparative education :   |b a study of educational factors and traditions /   |c Nicholas Hans. 
250 |a 3rd ed. 
260 |a London :   |b Routledge and Kegan Paul,   |c 1958. 
300 |a 334 σ. ;   |c 22 εκ. 
504 |a Περιέχει βιβλιογραφικές παραπομπές και ευρετήριο. 
650 0 0 |a Comparative education. 
852 |a INST  |b LESVOS  |e 19950703  |h 370.9 ΗΑΝ  |p 005100008181  |q 005100008181  |t BK  |y 0 
922 |a 1ΕΛΗ  |b 198804  |c ΠΠ/8101